| 000 | 00643nmm a2200241 a 4500 | ||
|---|---|---|---|
| 003 | AR-BaBNM | ||
| 005 | 20251128202957.0 | ||
| 008 | 128019s1973 ||||||||||||||000 | spa|| | ||
| 040 | _cAR-BaBNM | ||
| 100 | 1 | _aCarrasco, Félix | |
| 245 | 1 | 0 | _aLa oficina administrativa |
| 260 |
_aBuenos Aires _bEditorial policial _c1973 |
||
| 300 | 0 |
_a304 p. _bgráfs., tablas |
|
| 500 | 0 | _aIndice al final del texto | |
| 650 | 4 | _aPOLICIA | |
| 650 | 4 | _aADMINISTRACION | |
| 650 | 4 | _aTECNICAS ADMINISTRATIVAS | |
| 650 | 4 | _aRECOPILACION DE DATOS | |
| 650 | 4 | _aCARACTERISTICAS ADMINISTRATIVAS | |
| 650 | 4 | _aEMPLEADOS | |
| 942 | _cBK | ||
| 998 | _cCarmen | ||
| 999 |
_c1333 _d1333 |
||